000 01101nam0a22002411 4500
001 rc\644158
005 20031121164821.5
035 _a(NLR Aleph) 005885062
090 _a6118323
_c6118323
100 _a20031121d1986 u |0rusy50 ca
101 0 _arus
102 _aRU
105 _ay |||||||||
200 1 _aПРОБЛЕМНОЕ обучение и методические указания по некоторым вопросам преподавания физики в средней школе
_e(В помощь пед. практике)
_fМ-во высш. и сред. спец. образования АзССР, Азерб. гос. ун-т им. С.М. Кирова
_g[Сост. Мехтиева А.Р.]
210 _aБаку
_cАГУ
_d1986
215 _a21 с.
_d20
702 1 _aМехтиева
_bА. Р.
_gАзада Рагимовна
_4220
712 0 2 _aАзербайджанский университет им. С. М. Кирова
_cБаку
_3RU\NLR\AUTH\889917762
801 0 _aRU
_bNLR
_gpsbo
801 1 _aRU
_bELAR
_2rusmarc
852 _aNLR
_j88-4/4222
942 _cBOOK
980 _aNB